| 000 | 01036nam a22002775i 4500 | ||
|---|---|---|---|
| 999 |
_c29035 _d29006 |
||
| 003 | EG-ScBUE | ||
| 005 | 20201213130651.0 | ||
| 008 | 201213s2005 ua o f b 000 0 ara d | ||
| 017 | _a2003 / 9611 | ||
| 020 | _a9770909467 | ||
| 040 |
_aEG-ScBUE _bara _erda _cEG-ScBUE _dEG-ScBUE |
||
| 082 | 0 | 4 |
_a709.54 _bع ك ا _222 |
| 100 | 1 |
_aعكاشة، ثروت، _d2012-1921، _eمؤلف. |
|
| 245 | 1 | 0 |
_aفنون الشرق الأقصى : _bالفن الهندي / _cثروت عكاشه. |
| 250 | _aالطبعة الأولى. | ||
| 264 | 1 |
_aالقاهرة : _bدار الشروق، _c2005. |
|
| 300 |
_a435 صفحة : _bصور (ملونة) ؛ _c30 سم |
||
| 336 |
_aنص _btxt _2rdacontent |
||
| 337 |
_aبدون وسيط _bn _2rdamedia |
||
| 338 |
_aمجلد _bnc _2rdacarrier |
||
| 490 | 0 | _aموسوعة الريخ الفن : العين تسمع والأذن ترى | |
| 504 | _aيشتمل على إرجاعات ببليوجرافية. | ||
| 650 | 7 |
_aالفن الهندي. _2BUEsh |
|
| 653 |
_bGGEN _bCOMAME _cDecember2020 |
||
| 942 | _2ddc | ||